Constitución y control del poder (Registro nro. 6842)
[ vista simple ]
| 000 -LEADER | |
|---|---|
| fixed length control field | 01237 a2200217 4500 |
| 001 - CONTROL NUMBER | |
| control field | 59918 |
| 005 - DATE AND TIME OF LATEST TRANSACTION | |
| control field | 20260407155852.0 |
| 008 - FIXED-LENGTH DATA ELEMENTS--GENERAL INFORMATION | |
| fixed length control field | 260407a1995 arg spa d |
| 003 - CONTROL NUMBER IDENTIFIER | |
| control field | AR-UNSa-BCEJYS |
| 040 ## - CATALOGING SOURCE | |
| Original cataloging agency | AR-UNSa-BCEJYS |
| Language of cataloging | spa |
| Transcribing agency | AR-UNSa-BCEJYS |
| 080 ## - UNIVERSAL DECIMAL CLASSIFICATION NUMBER | |
| Universal Decimal Classification number | 342 |
| Common auxiliary subdivision | Derecho constitucional (Derecho Público) |
| 020 ## - INTERNATIONAL STANDARD BOOK NUMBER | |
| International Standard Book Number | 950-9385-29-8 |
| 041 ## - LANGUAGE CODE | |
| Language code of text/sound track or separate title | spa |
| 100 1# - MAIN ENTRY--PERSONAL NAME | |
| Personal name | Aragón, Manuel |
| 245 10 - TITLE STATEMENT | |
| Title | Constitución y control del poder |
| Name of part/section of a work | Introducción a una teoría constitucional del control |
| 264 #1 - PRODUCTION, PUBLICATION, DISTRIBUTION, MANUFACTURE, AND COPYRIGHT NOTICE | |
| Place of production, publication, distribution, manufacture | Buenos Aires : |
| Name of producer, publisher, distributor, manufacturer | Ediciones Ciudad Argentina |
| Date of production, publication, distribution, manufacture, or copyright notice | 1995 |
| 300 ## - PHYSICAL DESCRIPTION | |
| Extent | 205 p. |
| Dimensions | 20 cm. |
| 505 ## - FORMATTED CONTENTS NOTE | |
| Formatted contents note | 1. Introducción: Sobre la necesidad de una teoría del control "constitucionalmente adecuada" - 2. El control como elemento inseparable del concepto de constitución – 3. Los problemas conceptuales del control: controles sociales, políticos y jurídicos – 4. El control jurisdiccional como paradigma del control jurídico – 5. Características del control político. Sus diferencias con el control jurídico y el control social – 6. A modo de ejemplo: el control parlamentario como control político – 7. El papel del derecho en las diversas clases de control - |
| 590 ## - LOCAL NOTE (RLIN) | |
| Local note | niveau_biblio:m niveau_hierar:0 |
| 942 ## - ADDED ENTRY ELEMENTS (KOHA) | |
| Koha item type | |
| Withdrawn status | Lost status | Damaged status | Not for loan | Home library | Current library | Shelving location | Date acquired | Total checkouts | Full call number | Barcode | Date last seen | Price effective from | Koha item type |
|---|---|---|---|---|---|---|---|---|---|---|---|---|---|
| Biblioteca Prof. Eusebio Cleto del Rey | Biblioteca Prof. Eusebio Cleto del Rey | 07/04/2026 | 342 A659 | L117135 | 07/04/2026 | 07/04/2026 | Libro | ||||||
| Biblioteca Prof. Eusebio Cleto del Rey | Biblioteca Prof. Eusebio Cleto del Rey | 07/04/2026 | 342 A659 | L117136 | 07/04/2026 | 07/04/2026 | Libro |